| 000 | 00000nam 2200000za 4500 |
| 001 | 9.847061 |
| 003 | CaOODSP |
| 005 | 20221107153343 |
| 007 | cr ||||||||||| |
| 008 | 171114s2004 onca #o f00| 0 fre d |
| 020 | |z0-660-96962-9 |
| 040 | |aCaOODSP|bfre |
| 043 | |an-cn--- |
| 086 | 1 |aNH15-428/2004F-PDF|zNH15-428/2004F |
| 245 | 00|aMurs-rideaux en verre et métal |h[ressource électronique]. |
| 260 | |a[Ottawa] : |bSociété canadienne d'hypothèques et de logement, |cc2004. |
| 300 | |a[254] p. : |bfigs. |
| 490 | 0 |aGuide des règles de l’art, technologie du bâtiment |
| 500 | |aPubl. aussi en anglais sous le titre : Glass and metal curtain walls. |
| 500 | |aPubl. en collaboration avec: Travaux publics et services gouvernementaux Canada. |
| 500 | |aRé-imprimé : 2005. |
| 504 | |aComprend des références bibliographiques. |
| 520 | 0 |a« Le présent Guide sur les murs rideaux en verre et métal s’inscrit dans une collection d’ouvrages techniques de la SCHL destinée à offrir de l’information pratique sur la conception et la performance des systèmes muraux aux concepteurs, maîtres d’ouvrages et gestionnaires immobiliers. »--Intro. |
| 692 | 07|2gccst|aIndustrie de la construction |
| 692 | 07|2gccst|aLogement |
| 710 | 1 |aCanada. |bTravaux publics et services gouvernementaux Canada. |
| 710 | 2 |aSociété canadienne d'hypothèques et de logement. |
| 775 | 08|tGlass and metal curtain walls |w(CaOODSP)9.825826 |
| 856 | 40|qPDF|s6.54 Mo|uhttps://publications.gc.ca/collections/collection_2017/schl-cmhc/nh15/NH15-428-2004-fra.pdf |
| 986 | |a63703 |